[Event "SVK-ch U12"]
[Site "Liptovsky Mikulas"]
[Date "2007.04.26"]
[Round "8"]
[White "Cabuk, Viktor"]
[Black "Zatyko, Adrian"]
[Result "1/2-1/2"]
[WhiteElo "1363"]
[BlackElo "1380"]
[PlyCount "60"]
[EventDate "2007.04.22"]
[EventType "swiss"]
[EventRounds "9"]
[EventCountry "SVK"]
[SourceTitle "EXT 2008"]
[Source "ChessBase"]
[SourceDate "2007.11.25"]
[SourceVersion "1"]
[SourceVersionDate "2007.11.25"]
[SourceQuality "1"]

1. e3 e5 2. b3 g6 3. Bb2 Bg7 4. g3 Nc6 5. Bg2 d6 6. Ne2 Qd7 7. 0-0 b6 8. d3 Bb7 9. Nd2 Rb8 10. Rb1 Nf6 11. d4 0-0 12. d5 Ne7 13. e4 c6 14. c4 b5 15. a3 bxc4 16. bxc4 Ba6 17. f4 Ng4 18. Bh3 h5 19. Nf3 exf4 20. Bxg7 Kxg7 21. Qd4+ Kg8 22. Rxb8 Rxb8 23. Nxf4 cxd5 24. Nxd5 Nxd5 25. exd5 Bc8 26. Nd2 Qa4 27. Qf4 Bf5 28. Bxg4 hxg4 29. Qg5 Bd3 30. Rf2 Qd1+ 1/2-1/2

[Event "SVK-ch U12"]
[Site "Liptovsky Mikulas"]
[Date "2007.04.23"]
[Round "3"]
[White "Sklars, Tomas"]
[Black "Cabuk, Viktor"]
[Result "1-0"]
[WhiteElo "1432"]
[BlackElo "1363"]
[PlyCount "115"]
[EventDate "2007.04.22"]
[EventType "swiss"]
[EventRounds "9"]
[EventCountry "SVK"]
[SourceTitle "EXT 2008"]
[Source "ChessBase"]
[SourceDate "2007.11.25"]
[SourceVersion "1"]
[SourceVersionDate "2007.11.25"]
[SourceQuality "1"]

1. e4 e6 2. d4 d5 3. e5 f6 4. Nf3 fxe5 5. Nxe5 Bd6 6. Bf4 Nf6 7. Nc3 0-0 8. Bd3 Nc6 9. Nxc6 bxc6 10. Bg5 Qe8 11. f4 h6 12. Bxf6 Rxf6 13. g3 c5 14. dxc5 Bxc5 15. Qe2 Bb4 16. Qe5 Qc6 17. Kd2 Bb7 18. Rhf1 Rd8 19. Qd4 Bxc3+ 20. Qxc3 Qxc3+ 21. Kxc3 d4+ 22. Kb4 e5 23. fxe5 Rc6 24. Bc4+ Kh7 25. e6 Rb8 26. Bd3+ Kg8 27. b3 Bc8+ 28. Ka3 Bxe6 29. Rf4 Rd6 30. Re1 Bf7 31. Re7 Rf6 32. Rxf6 gxf6 33. Rxc7 Ra8 34. Rd7 Re8 35. Rxd4 Re1 36. c4 Rc1 37. Kb2 Re1 38. c5 Re7 39. b4 Rc7 40. Be4 Be8 41. Rd6 Kf7 42. Bd5+ Kg7 43. c6 Kf8 44. Rxf6+ Kg7 45. Rd6 Rc8 46. b5 Rc7 47. a4 Rc8 48. Kc3 Rc7 49. a5 Re7 50. Kd4 Re1 51. c7 Rd1+ 52. Kc5 Rc1+ 53. Bc4 Re1 54. c8Q Re5+ 55. Bd5 Re7 56. Qg4+ Bg6 57. Qxg6+ Kf8 58. Qg8# 1-0

[Event "SVK-ch U10"]
[Site "Brezova pod Bradlom"]
[Date "2006.03.10"]
[Round "9"]
[White "Forgac, Matej"]
[Black "Cabuk, Viktor"]
[Result "1-0"]
[WhiteElo "1350"]
[BlackElo "1350"]
[PlyCount "81"]
[EventDate "2006.03.05"]
[EventType "swiss"]
[EventRounds "9"]
[EventCountry "SVK"]
[SourceTitle "EXT 2008"]
[Source "ChessBase"]
[SourceDate "2007.11.25"]
[SourceVersion "1"]
[SourceVersionDate "2007.11.25"]
[SourceQuality "1"]

1. e4 e5 2. Bc4 Nf6 3. Nc3 Nc6 4. Nf3 d6 5. h3 Nd4 6. Ng5 Be7 7. Nxf7 Qd7 8. Nxh8 Qc6 9. Bd5 Nxd5 10. exd5 Qc5 11. 0-0 e4 12. Re1 Bf5 13. Qh5+ g6 14. Qd1 Bh4 15. Rf1 Ke7 16. Qe1 Nxc2 17. Qe2 Nxa1 18. d3 Rxh8 19. dxe4 Kf6 20. exf5 Kg7 21. fxg6 hxg6 22. Qe4 c6 23. dxc6 bxc6 24. Qe6 Rd8 25. Qg4 g5 26. Be3 Qe5 27. Rxa1 d5 28. Bd4 Kf6 29. Bxe5+ Kxe5 30. Re1+ Kf6 31. Qe6+ Kg7 32. Qe7+ Kh6 33. Qxd8 c5 34. Re6+ Kh5 35. Nxd5 Bxf2+ 36. Kxf2 a6 37. Re4 a5 38. Qh8+ Kg6 39. Qf6+ Kh5 40. Re6 c4 41. Qh6# 1-0

[Event "SVK-ch U10"]
[Site "Brezova pod Bradlom"]
[Date "2006.03.06"]
[Round "3"]
[White "Cabuk, Viktor"]
[Black "Csemez, Tamas"]
[Result "0-1"]
[WhiteElo "1350"]
[BlackElo "1350"]
[PlyCount "50"]
[EventDate "2006.03.05"]
[EventType "swiss"]
[EventRounds "9"]
[EventCountry "SVK"]
[SourceTitle "EXT 2008"]
[Source "ChessBase"]
[SourceDate "2007.11.25"]
[SourceVersion "1"]
[SourceVersionDate "2007.11.25"]
[SourceQuality "1"]

1. e4 e5 2. Bc4 Nc6 3. Qf3 Nf6 4. d3 h6 5. Nc3 Nd4 6. Qd1 Bb4 7. a3 Bxc3+ 8. bxc3 Nc6 9. d4 exd4 10. cxd4 Nxe4 11. Qh5 0-0 12. Bd3 Re8 13. Qf5 Qe7 14. Kd1 Nxd4 15. Qf4 d5 16. Bb2 Nc6 17. Qg4 Bxg4+ 18. f3 Nf2+ 19. Kd2 Nxh1 20. fxg4 Qe3+ 21. Kc3 d4+ 22. Kc4 Qe6+ 23. Kc5 b6+ 24. Kb5 a6+ 25. Ka4 b5+ 0-1